Antología de la poesía francesa actual (Record no. 24823)

MARC details
000 -LEADER
campo de control de longitud fija 00566nam a2200181 i 4500
001 - NÚMERO DE CONTROL
campo de control 24823
003 - IDENTIFICADOR DE NÚMERO DE CONTROL
campo de control ES-MaACL
005 - FECHA Y HORA DE LA ÚLTIMA TRANSACCIÓN
campo de control 20230906153134.0
007 - CAMPO FIJO DE DESCRIPCIÓN FÍSICA--INFORMACIÓN GENERAL
campo de control de longitud fija t|
008 - DATOS DE LONGITUD FIJA--INFORMACIÓN GENERAL
campo de control de longitud fija 021219s1979 sp ||||1| spa d
245 00 - MENCIÓN DEL TÍTULO
Título Antología de la poesía francesa actual
Resto del título : 1960-1976 /
Mención de responsabilidad, etc. [preparada y traducida por Ximena Godoy y Louis Dalla Fior].
250 ## - MENCION DE EDICION
Mención de edición Ed. bilingüe.
260 ## - PUBLICACIÓN, DISTRIBUCIÓN, ETC.
Lugar de publicación, distribución, etc. Madrid :
Nombre del editor, distribuidor, etc. Ed. Nacional,
Fecha de publicación, distribución, etc. [1979]
300 ## - DESCRIPCIÓN FÍSICA
Extensión 296 p. ;
Dimensiones 22 cm.
700 1# - ENTRADA AGREGADA--NOMBRE PERSONAL
Nombre de persona Godoy, Ximena.
9 (RLIN) 57540
700 1# - ENTRADA AGREGADA--NOMBRE PERSONAL
Nombre de persona Dalla Fior, Louis.
9 (RLIN) 42489
852 ## - LOCALIZACIÓN
Ubicación ES-MaACL
Número de control de estantería A-10148
Sublocalización o colección R.99051
Holdings
Estatus retirado Estado de pérdida Estado de daño No para préstamo Biblioteca de origen Biblioteca actual Ubicación en estantería Fecha de adquisición Fuente de adquisición Total de préstamos Signatura topográfica completa Código de barras Visto por última vez Precio de reemplazo Tipo de ítem Koha
        Biblioteca del Ateneo de Madrid Biblioteca del Ateneo de Madrid Depósito 1 17/01/2008     A-10148 1025592 23/02/2023 23/02/2023 Libro impreso